书目信息 |
| 题名: |
晚清学堂学生与社会变迁
|
|
| 作者: | 桑兵 著 | |
| 分册: | ||
| 出版信息: | 桂林 广西师范大学出版社 2007 |
|
| 页数: | 459页 | |
| 开本: | 21cm | |
| 丛书名: | ||
| 单 册: | ||
| 中图分类: | G529.52 | |
| 科图分类: | ||
| 主题词: | 封建社会学校--研究--中国--清代 , 教育史--中国--清代--史料 | |
| 电子资源: | ||
| ISBN: | 978-7-5633-6440-4 | |
| 000 | 00737nam0 2200229 450 | |
| 001 | 1232048703 | |
| 005 | 20121006085445.64 | |
| 010 | @a978-7-5633-6440-4@dCNY38.00 | |
| 100 | @a20111117d2007 em y0chiy0110 ea | |
| 101 | 0 | @achi |
| 102 | @aCN@b450000 | |
| 105 | @ak z 000yy | |
| 200 | 1 | @a晚清学堂学生与社会变迁@Awan qing xue tang xue sheng yu she hui bian qian@f桑兵著 |
| 210 | @a桂林@c广西师范大学出版社@d2007 | |
| 215 | @a459页@c表@d21cm | |
| 330 | @a本书重现晚清国内学生群体活动的史实,展示着一新兴群体的思维和行为倾向。 | |
| 606 | 0 | @a封建社会学校@x研究@y中国@z清代 |
| 606 | 0 | @a教育史@y中国@z清代@j史料 |
| 690 | @aG529.52@v4 | |
| 701 | 0 | @a桑兵@ASang Bing@4著 |
| 801 | 0 | @aCN@bNLC@c20111117 |
| 905 | @a10447@dG529.52@eJY47 | |
| 晚清学堂学生与社会变迁/桑兵著.-桂林:广西师范大学出版社,2007 |
| 459页:表;21cm |
| ISBN 978-7-5633-6440-4:CNY38.00 |
| 本书重现晚清国内学生群体活动的史实,展示着一新兴群体的思维和行为倾向。 |
| ● |
| 相关链接 |
|
|
|
|
正题名:晚清学堂学生与社会变迁
索取号:G529.52/JY47
 
预约/预借
| 序号 | 登录号 | 条形码 | 馆藏地/架位号 | 状态 | 备注 |
| 1 | 7806418 | 278064185 | 学院路分馆/ [索取号:G529.52/JY47] | 在馆 | |
| 2 | 7806419 | 278064194 | 学院路分馆/ [索取号:G529.52/JY47] | 在馆 |